| 000 | 01159nam a22002777a 4500 | ||
|---|---|---|---|
| 005 | 20170825111114.0 | ||
| 010 | _a1516ENO7 ENG-114966 | ||
| 020 |
_a9781447287452 _c599.00 |
||
| 035 | _aEN-98498 | ||
| 035 | _aB-615070-078 | ||
| 035 | _aB-667748 | ||
| 037 |
_aDPL _bKKP/Ven |
||
| 037 | _bDBAD/PUB | ||
| 082 | _a355.0092 | ||
| 100 | _aO'Reilly, Bill | ||
| 245 |
_aKilling patton : _cby Bill O' Reilly [and] Martin Dugard _bthe strange death of World War II's most audacious general / |
||
| 260 |
_aLondon _bMacmillan _c2015 |
||
| 270 |
_bLondon _a20 New Wharf Road, _e N I 9RR |
||
| 300 |
_a352p.: _bill.,maps _c24cm(pbk) |
||
| 500 | _aIncludes index | ||
| 600 |
_a Patton, George S. (George Smith), |d 1885-1945 |x Death and burial. _d1885-1945 _xDeath and burial. |
||
| 700 | _aDugard, Martin | ||
| 942 |
_2ddc _cEN _mORE _h355.0092 |
||
| 999 |
_c96359 _d96359 |
||